00213nam a2200109Ia 4500008004100000082001200041082000800053245002100061245000600082260000600088300000900094231017s9999 xx 000 0 und d a388.324 bWOR 0aFreight Strategy 0c- b- c30cm